000 00275pab a2200109 454500
008 180718b xxu||||| |||| 00| 0 eng d
100 _aShukla, Shashi
245 _aSecularism in India: an introspection
650 _aSecularism - India
773 _aThird Concept
909 _a24579
999 _c24579
_d24579